000 01291nam a22002897a 4500
999 _c64609
_d64609
005 20240530110740.0
008 180924s2014 su ak g bd 001 0 ara d
017 _a1435/7432
_bالسعودية . مكتبة الملك فهد الوطنية
020 _a9786035072588
040 _aEG-CaGPL
_cEG-CaGPL
082 0 4 _221
_a930.1028 /
_bس ت
100 1 _aستيوارت، باربرا هـ.
245 1 2 _aالتقنيات التحليلية فى صيانة مواد الاثار /
_cتاليف باربرا هـ. ستيوارت ؛ ترجمة عبدالناصر بن عبدالرحمن الزهرانى
260 _aالرياض :
_bدار جامعة الملك سعود للنشر،
_c2014.
300 _a494 ص. :
_bايض ؛
_c32 سم.
504 _aيشتمل على ارجاعات ببليوجرافية و فهرس
650 0 7 _2qrmak
_aالاثار
650 0 7 _2qrmak
_aالاثار
_xترميم
650 0 7 _2qrmak
_aالعمارة القديمة
650 0 7 _2qrmak
_aالاثار، علم
650 0 7 _2qrmak
_aالاثار، التنقيب عن
650 0 7 _2qrmak
_aالاثار
_xحماية
651 _2qrmak
700 0 _aعبدالناصر بن عبدالرحمن الزهرانى
_eمترجم
942 _2ddc
_cBK